000
00319 a2200157 4500
001
188324
020
_a
040
_c
Magnum
100
_a
Neves, Elza Aguiar
240
1
0
_a
Asas ao vento
_l
por
245
1
0
_a
Asas ao vento
300
_a
34
362
0
_a
2005
697
_a
LITERATURA INFANTO-JUVENIL
942
_c
BK
999
_c
188324
_d
188324